Lorenzo Boturini y el pensamiento histórico de Vico /

Se presenta un estudio biográfico y un análisis de la obra de Lorenzo de Boturini.

Gardado en:
Detalles Bibliográficos
Autor Principal: Matute, Alvaro (autor)
Formato: Libro
Idioma:Lingua castelá
Publicado: México : UNAM, 1976, c1976
Series:(Historia Novohispana ; 26)
Temas:
Etiquetas: Engadir etiqueta
Sen Etiquetas, Sexa o primeiro en etiquetar este rexistro!

MARC

LEADER 00000nam^a2200000^a^4500
001 000131688
005 20250521000000.0
009 20260310095030.444
037 |a Acervo ITESO - Biblioteca 
041 |a ESP 
082 |a 972. 0092  |b MAT 
100 |a Matute, Alvaro  |e (autor) 
245 1 0 |a Lorenzo Boturini y el pensamiento histórico de Vico /  |c A. Matute. 
264 4 |a México :  |b UNAM,  |c 1976, c1976 
300 |a 88 p. 
336 |a texto  |b txt  |2 rdacontenido 
337 |a sin mediación  |b n  |2 rdamedio 
338 |a volumen  |b nc  |2 rdasoporte 
440 1 |a (Historia Novohispana ;  |v 26) 
520 |a Se presenta un estudio biográfico y un análisis de la obra de Lorenzo de Boturini. 
649 |a XX 
650 |a Historiadores Italianos -  |x Biografías 
650 |a Indígenas de México -  |x Historia 
650 |a Religión -  |z México -  |x Historia -  |y Epoca Prehispánica 
650 |a Mitología 
650 |a México -  |x Historia -  |y Epoca Prehispánica 
650 |a Historiografía -  |z México 
910 |a Fondo Salvador Reynoso Reynoso 
920 |a Impresos - Libros 
930 |a Fondos Especiales 
905 |a 112 
901 |a 0800012218  |b IT2  |c ESP  |u 20250521 
902 |a https://opac.biblio.iteso.mx/vufind/Record/000131688